00448nam a2200145Ia 4500008004100000020001500041050002400056100002100080245006600101260005000167300002100217500004100238521000900279650001400288140321s9999 xx 000 0 und d a9710412273 aLB 1060b.V522 2012 aVega, Violeta A. aFacilitating learning /cVioleta A. Vega and Nelia G. Prieto. aMandaluyong City :bBooks Atpb. Pub.,cc2012. a196 p. :c22 cm. aIncludes bibliographical references. aEDUC aLearning.